| 000 | 00433nam a22001457a 4500 | ||
|---|---|---|---|
| 999 |
_c17493 _d17493 |
||
| 008 | 221026b ||||| |||| 00| 0 eng d | ||
| 020 | _a9780147510181 | ||
| 082 |
_22016 _aDFic _bG887 |
||
| 100 |
_aGrisham, John. _946521 |
||
| 245 |
_aTheodore Boone, the fugitive/ _cJohn Grisham. |
||
| 260 |
_aNew York : _bPuffin Books, _c©2016. |
||
| 300 |
_a249 pages ; _c19 cm. |
||
| 650 |
_aCourts _vJuvenile fiction. _946525 |
||
| 942 |
_2ddc _cDFIC |
||